Les Fables de La Fontaine avec un renard - Statistiques

Statistiques générales
  • Ce quiz a été pris 47 fois
  • Le résultat moyen est 2 sur 20
Statistiques - réponses
Fables % Correct
Le Corbeau et le Renard
98%
Le Renard et la cigogne
55%
Le Loup et le Renard
35%
Le Renard et les Raisins
30%
Le Lion, le Loup et le Renard
8%
Le Renard et le Bouc
5%
Le Coq et le Renard
3%
Le Loup plaidant devant le renard par-devant le singe
3%
Le Renard ayant la queue coupée
3%
Le Renard et le Buste
3%
Le Chat et le Renard
0%
Le Fermier, le Chien et le Renard
0%
Le Lion malade et le Renard
0%
Le Renard anglais
0%
Le Renard et l'Ecureuil
0%
Le Renard et les Poulets d'Inde
0%
Le Renard, le Loup et le Cheval
0%
Le Renard, les Mouches et le Hérisson
0%
Le Renard, les Singes et les Animaux
0%
Les Deux Rats, le Renard et l'Oeuf
0%
Aucun quiz correspondant
Distribution des résultats
% des personnes avec chaque résultat
Percentile par nombre de réponses
Votre historique - résultats
Vous n’avez pas pris ce quiz